Capitales mondiales par une seule indice #5 - Statistiques

Statistiques générales
  • Ce quiz a été pris 161 fois
  • Le résultat moyen est 7 sur 20
Statistiques - réponses
pays indice capitale % Correct
Belgium Siège de l'Union européenne Bruxelles
72%
Bolivie La plus haute capitale du monde La Paz
70%
Bosnie-Herzégovine Lieu olympique d'hiver et "Jérusalem des Balkans", bloqué dans une guerre des années 1990 Sarajevo
65%
Slovaquie À une heure seulement en voiture à l'est de Vienne, et est devenu une capitale en 1993 Bratislava
61%
Laos Plus au nord de deux capitales sur le Mékong Vientiane
51%
Cambodge Plus au sud de deux capitales sur le Mékong Phnom Penh
48%
Sri Lanka Beaucoup de guides voient toujours cette zone métropolitaine, y compris Sri Kotte, en tant que capitale Colombo
45%
Pakistan Nommé d'une religion et fondé en 1960 Islamabad
38%
Antigua et Barbuda Saint-capitale à l'est de Basseterre et au nord de la Guadeloupe Saint John's
27%
Ouzbékistan Capitale de la Route de la soie, russe des décennies des années 1960 à 1990 Tachkent
26%
Slovenie La seule capitale qui contient deux J Ljubljana
25%
Portugal Alfonso I et ses chevaliers croisés ont conquis cela des Maures en 1147 Lisbonne
24%
Mexico La seule capitale non européenne contenant un X Mexico
21%
Ethiopie Siège de l'Union africaine Addis-Abeba
20%
Singapour Capitale asiatique à seulement 160 kilomètres au nord de l'équateur Singapour
18%
Belize La capitale nord-américaine, déplacée ici après l'ouragan Hattie a aplati la précédente en 1961 Belmopan
17%
Zimbabwe Connu précédemment, sous la domination britannique, comme Salisbury Harare
16%
Nicaragua Accueil des présidents Anastasio Somoza et Daniel Ortega Managua
14%
Palau La zone de la capitale du Pacifique n'est que la taille de son parlement Ngerulmud
13%
Sri Lanka Écris-le correctement: Sri ______________ Kotte Jayawardenepura
11%
Aucun quiz correspondant
Distribution des résultats
% des personnes avec chaque résultat
Percentile par nombre de réponses
Votre historique - résultats
Vous n’avez pas pris ce quiz